[Event "VIE-ch (Women)"]
[Site "Hanoi"]
[Date "2024.03.13"]
[Round "4"]
[White "Bui, Ngoc Phuong Nghi"]
[Black "Nguyen, Tran Ngoc Thuy"]
[Result "1/2-1/2"]
[WhiteElo "1731"]
[BlackElo "1901"]
[PlyCount "69"]
[EventDate "2024.03.11"]
[EventType "swiss"]
[EventRounds "9"]
[EventCountry "VIE"]
[SourceTitle "CB13_2024"]
[SourceDate "2024.03.27"]
[SourceVersion "1"]
[SourceVersionDate "2024.03.27"]
[SourceQuality "1"]

1. d4 d5 2. Bf4 Bf5 3. e3 e6 4. c4 Bxb1 5. Qa4+ Qd7 6. Qxd7+ Nxd7 7. Rxb1 Bb4+ 8. Kd1 Ngf6 9. a3 Bd6 10. Bxd6 cxd6 11. cxd5 Nxd5 12. Bb5 a6 13. Bxd7+ Kxd7 14. Kd2 Rac8 15. Ne2 f5 16. Rhc1 g5 17. Nc3 Nf6 18. Na4 Rc6 19. Rxc6 bxc6 20. Nc3 h5 21. Ke2 h4 22. b3 h3 23. g3 Rb8 24. f3 f4 25. exf4 gxf4 26. g4 e5 27. dxe5 Re8 28. Kf2 Rxe5 29. Ne2 Nd5 30. Ng1 Re8 31. Re1 Rh8 32. Re4 Kc7 33. Ne2 Rf8 34. Ng1 Rh8 35. Ne2 1/2-1/2

[Event "VIE-chT (Women)"]
[Site "Hanoi"]
[Date "2023.04.18"]
[Round "1"]
[White "Nguyen, Truong Minh Anh"]
[Black "Nguyen, Tran Ngoc Thuy"]
[Result "0-1"]
[WhiteElo "1974"]
[BlackElo "1835"]
[PlyCount "90"]
[EventDate "2023.04.18"]
[EventType "swiss"]
[EventRounds "9"]
[EventCountry "VIE"]
[SourceTitle "EXT 2024"]
[Source "ChessBase"]
[SourceDate "2023.10.10"]
[SourceVersion "1"]
[SourceVersionDate "2023.10.10"]
[SourceQuality "1"]

1. Nf3 Nf6 2. d4 d5 3. Bf4 Bf5 4. e3 e6 5. Be2 c5 6. c3 Be7 7. Nbd2 0-0 8. 0-0 Nbd7 9. h3 c4 10. Qc1 Ne4 11. Nxe4 Bxe4 12. Nd2 Bg6 13. b3 b5 14. a4 a6 15. axb5 axb5 16. Rxa8 Qxa8 17. Qa1 h6 18. Qb2 Ba3 19. Qa1 Be7 20. Qb2 Qa3 21. Qxa3 Bxa3 22. bxc4 dxc4 23. Nb1 Bb2 24. Bd6 Ra8 25. Bb4 Nb6 26. Bf3 Nd5 27. Bxd5 exd5 28. Nd2 Bd3 29. Re1 f5 30. f3 Ra4 31. e4 fxe4 32. fxe4 Rxb4 33. cxb4 Bxd4+ 34. Kh1 Bf2 35. Ra1 dxe4 36. g4 Be3 37. Ra2 Kh7 38. Kg2 c3 39. Nf1 Bd4 40. Nd2 cxd2 41. Rxd2 e3 42. Rxd3 e2 43. Rxd4 e1Q 44. Rf4 g5 45. Rf2 Qxb4 0-1

[Event "Hanoi op (Women)"]
[Site "Hanoi"]
[Date "2022.08.27"]
[Round "8"]
[White "Nguyen, Ngoc Thuy Trang"]
[Black "Nguyen, Tran Ngoc Thuy"]
[Result "1-0"]
[WhiteElo "1913"]
[BlackElo "1851"]
[PlyCount "43"]
[EventDate "2022.08.20"]
[EventType "swiss"]
[EventRounds "9"]
[EventCountry "VIE"]
[SourceTitle "CBM 209 Extra"]
[Source "ChessBase"]
[SourceDate "2022.09.30"]
[SourceVersion "1"]
[SourceVersionDate "2022.09.30"]
[SourceQuality "1"]

1. c4 c5 2. g3 g6 3. Bg2 Bg7 4. Nc3 Nf6 5. Nf3 d5 6. cxd5 Nxd5 7. 0-0 Nc6 8. Nxd5 Qxd5 9. d3 0-0 10. a3 Bg4 11. Qc2 Nd4 12. Nxd4 Qxd4 13. Rb1 b5 14. Bxa8 c4 15. Bg2 cxd3 16. Qxd3 Qxd3 17. exd3 Be2 18. Be3 Bxd3 19. Bxa7 Bxf1 20. Bxf1 e5 21. Bxb5 e4 22. a4 1-0

[Event "Hanoi op (Women)"]
[Site "Hanoi"]
[Date "2022.08.22"]
[Round "3"]
[White "Nguyen, Thuy Linh1111"]
[Black "Nguyen, Tran Ngoc Thuy"]
[Result "1-0"]
[WhiteElo "1393"]
[BlackElo "1851"]
[PlyCount "73"]
[EventDate "2022.08.20"]
[EventType "swiss"]
[EventRounds "9"]
[EventCountry "VIE"]
[SourceTitle "CBM 209 Extra"]
[Source "ChessBase"]
[SourceDate "2022.09.30"]
[SourceVersion "1"]
[SourceVersionDate "2022.09.30"]
[SourceQuality "1"]

1. d4 Nf6 2. c4 e5 3. d5 Bc5 4. e3 d6 5. Nc3 Bf5 6. Nf3 Nbd7 7. Be2 h6 8. Nd2 e4 9. Qc2 Bb4 10. a3 Bxc3 11. Qxc3 Ne5 12. b4 Qe7 13. Nb3 Bg4 14. Bf1 c6 15. dxc6 bxc6 16. Bb2 Nfd7 17. Qd4 f5 18. c5 dxc5 19. Nxc5 0-0 20. Nxd7 Nxd7 21. Bc4+ Kh7 22. 0-0 Nb6 23. Rac1 Rad8 24. Qc3 Rf6 25. Qc2 Rg6 26. Kh1 Qg5 27. Bf7 Rgd6 28. h3 Rd2 29. Qb3 Bf3 30. gxf3 R8d3 31. Qe6 Rd6 32. Qxd6 Rxd6 33. Rg1 Rd2 34. Rxg5 hxg5 35. Bd4 Rxf2 36. Rxc6 exf3 37. Bg6+ 1-0

[Event "VIE-ch (Women)"]
[Site "Tinh Bac Giang"]
[Date "2022.02.28"]
[Round "4"]
[White "Nguyen, Tran Ngoc Thuy"]
[Black "Luong, Phuong Hanh"]
[Result "1-0"]
[WhiteElo "1859"]
[BlackElo "2229"]
[PlyCount "119"]
[EventDate "2022.02.28"]
[EventType "swiss"]
[EventRounds "9"]
[EventCountry "VIE"]
[SourceTitle "CBM 207 Extra"]
[Source "ChessBase"]
[SourceDate "2022.05.31"]
[SourceVersion "1"]
[SourceVersionDate "2022.05.31"]
[SourceQuality "1"]

1. e4 c5 2. Nf3 e6 3. d4 cxd4 4. Nxd4 a6 5. a3 Nf6 6. Nc3 Qc7 7. f3 Bc5 8. Be3 d6 9. Qd2 0-0 10. Be2 b5 11. g4 Bb7 12. h4 Nc6 13. h5 d5 14. Nxc6 Bxe3 15. Qxe3 Bxc6 16. 0-0-0 dxe4 17. fxe4 Qe5 18. g5 Nd5 19. Nxd5 exd5 20. g6 h6 21. gxf7+ Rxf7 22. Rhg1 Rf6 23. Rg4 Rc8 24. Qa7 Rc7 25. Qb6 Bb7 26. Qa7 Bc8 27. Qa8 Rfc6 28. Bd3 d4 29. Rg6 Rc5 30. b4 Qf4+ 31. Kb2 Rxh5 32. Rxa6 Kh7 33. e5+ Bf5 34. Qg2 Bxd3 35. Rxd3 Rg5 36. Qh1 Qxe5 37. Rc6 Rxc6 38. Qxc6 Rg1 39. Qd7 Qg5 40. Qxd4 Qc1+ 41. Kb3 Qb1+ 42. Qb2 Qe1 43. Qd4 h5 44. Rh3 Qb1+ 45. Qb2 Qxb2+ 46. Kxb2 Kh6 47. a4 bxa4 48. b5 Rg4 49. Ka3 Rc4 50. c3 g5 51. Rd3 h4 52. b6 Rc8 53. c4 g4 54. c5 g3 55. b7 Rg8 56. c6 g2 57. Rd1 h3 58. c7 h2 59. c8Q h1Q 60. Qc1+ 1-0

[Event "VIE-ch (Women)"]
[Site "Tinh Bac Giang"]
[Date "2022.02.28"]
[Round "2"]
[White "Tran, Le Dan Thuy"]
[Black "Nguyen, Tran Ngoc Thuy"]
[Result "1/2-1/2"]
[WhiteElo "1998"]
[BlackElo "1859"]
[PlyCount "61"]
[EventDate "2022.02.28"]
[EventType "swiss"]
[EventRounds "9"]
[EventCountry "VIE"]
[SourceTitle "CBM 207 Extra"]
[Source "ChessBase"]
[SourceDate "2022.05.31"]
[SourceVersion "1"]
[SourceVersionDate "2022.05.31"]
[SourceQuality "1"]

1. e4 e5 2. Nf3 d5 3. d4 dxe4 4. Nxe5 Bd6 5. Bf4 Nf6 6. Bc4 Bxe5 7. Bxe5 Nc6 8. 0-0 Bf5 9. Bb5 0-0 10. Bxc6 bxc6 11. c4 Ng4 12. Bg3 e3 13. Nc3 Qg5 14. f3 Nf6 15. Bxc7 Rfe8 16. Ne2 Rac8 17. Bd6 Rcd8 18. c5 Nd5 19. Qa4 Bd3 20. Rfe1 Bxe2 21. Rxe2 Rxd6 22. cxd6 Nf4 23. Rae1 Nxe2+ 24. Rxe2 Qg6 25. h3 Qxd6 26. Qxa7 h5 27. Qc5 Qg6 28. d5 Qd3 29. Qxc6 Qxe2 30. Qxe8+ Kh7 31. Qxf7 1/2-1/2

[Event "VIE Cup (Women)"]
[Site "Hanoi"]
[Date "2021.??.??"]
[Round "4"]
[White "Ngo, Thi Kim Tuyen"]
[Black "Nguyen, Tran Ngoc Thuy"]
[Result "0-1"]
[WhiteElo "1904"]
[BlackElo "1859"]
[PlyCount "54"]
[EventDate "2021.05.03"]
[EventType "swiss"]
[EventRounds "9"]
[EventCountry "VIE"]
[SourceTitle "EXT 2022"]
[Source "ChessBase"]
[SourceDate "2021.10.06"]
[SourceVersion "1"]
[SourceVersionDate "2021.10.06"]
[SourceQuality "1"]

1. d4 Nf6 2. g3 g6 3. Bg2 Bg7 4. c4 c5 5. d5 d6 6. Nc3 Nbd7 7. e4 a6 8. Nf3 b5 9. cxb5 axb5 10. e5 dxe5 11. d6 Rb8 12. 0-0 0-0 13. Re1 exd6 14. Qxd6 b4 15. Na4 Qa5 16. Qd1 Rd8 17. Qc2 e4 18. Nd2 Ba6 19. Bf1 Bd3 20. Qd1 Ne5 21. Bxd3 Rxd3 22. Qc2 c4 23. Kf1 c3 24. Nxe4 Nxe4 25. Rxe4 Qd5 26. Re3 Rd1+ 27. Ke2 Rd8 0-1

[Event "VIE-ch (Women)"]
[Site "Hanoi"]
[Date "2020.10.06"]
[Round "3"]
[White "Hoang, Thi Bao Tram"]
[Black "Nguyen, Tran Ngoc Thuy"]
[Result "1/2-1/2"]
[WhiteElo "2288"]
[BlackElo "1874"]
[PlyCount "44"]
[EventDate "2020.10.05"]
[EventType "swiss"]
[EventRounds "9"]
[EventCountry "VIE"]
[SourceTitle "EXT 2022"]
[Source "ChessBase"]
[SourceDate "2021.10.06"]
[SourceVersion "1"]
[SourceVersionDate "2021.10.06"]
[SourceQuality "1"]

1. d4 d5 2. Nf3 Nf6 3. c4 e6 4. Nc3 Nbd7 5. cxd5 exd5 6. Bg5 h6 7. Bh4 c6 8. e3 Be7 9. Bd3 Ne4 10. Bxe7 Qxe7 11. Nd2 Ndf6 12. Ndxe4 dxe4 13. Be2 0-0 14. 0-0 Bf5 15. Rb1 Rfd8 16. b4 a5 17. Qb3 Be6 18. Qb2 axb4 19. Qxb4 Qxb4 20. Rxb4 Nd5 21. Nxd5 Bxd5 22. a4 Ra7 1/2-1/2

[Event "VIE-ch (Women)"]
[Site "Hanoi"]
[Date "2020.10.06"]
[Round "2"]
[White "Nguyen, Tran Ngoc Thuy"]
[Black "Le, Thanh Tu"]
[Result "1-0"]
[WhiteElo "1874"]
[BlackElo "2173"]
[PlyCount "183"]
[EventDate "2020.10.05"]
[EventType "swiss"]
[EventRounds "9"]
[EventCountry "VIE"]
[SourceTitle "EXT 2022"]
[Source "ChessBase"]
[SourceDate "2021.10.06"]
[SourceVersion "1"]
[SourceVersionDate "2021.10.06"]
[SourceQuality "1"]

1. e4 Nf6 2. e5 Nd5 3. c4 Nb6 4. d4 d6 5. exd6 exd6 6. Bd3 Be7 7. Ne2 0-0 8. Nbc3 Bf6 9. Be3 Nc6 10. a3 Re8 11. 0-0 Bg4 12. Qc2 g6 13. h3 Bxe2 14. Nxe2 a5 15. Rad1 Nd7 16. Be4 Bg7 17. Bxc6 bxc6 18. Qa4 Ra6 19. b4 Qa8 20. b5 cxb5 21. cxb5 Ra7 22. d5 Nb6 23. Bxb6 cxb6 24. Nd4 Re4 25. f3 Rh4 26. f4 Qxd5 27. Nc6 Qc5+ 28. Kh2 Ra8 29. Rd5 Qe3 30. Rxd6 Bf8 31. Rd7 Bh6 32. Rd4 Re8 33. Rf3 Qc1 34. f5 Rxd4 35. Qxd4 Qd2 36. Qxd2 Bxd2 37. f6 h5 38. Ne7+ Kh7 39. g4 h4 40. Kg2 Bg5 41. Nd5 Re6 42. Rc3 Rd6 43. Nc7 Bxf6 44. Rf3 Rd2+ 45. Rf2 Rxf2+ 46. Kxf2 Bd4+ 47. Kf3 Kg7 48. a4 Kf6 49. Ke4 Bg1 50. Nd5+ Ke6 51. Nf4+ Kf6 52. Ng2 Kg5 53. Ne1 f5+ 54. gxf5 gxf5+ 55. Kf3 Bc5 56. Ng2 Bd6 57. Ne3 Bc5 58. Ng2 Bd4 59. Nf4 Be5 60. Nd5 Bd4 61. Nf4 Bf6 62. Ne6+ Kg6 63. Kf4 Bb2 64. Nf8+ Kh5 65. Kxf5 Bd4 66. Ne6 Bg1 67. Nf4+ Kh6 68. Kg4 Bf2 69. Ng2 Kg6 70. Nxh4+ Kf6 71. Nf3 Ke6 72. Nd2 Kd5 73. Kf3 Be1 74. Ke2 Bg3 75. Kd3 Bf4 76. h4 Bh6 77. Nc4 Kc5 78. Kc3 Bg7+ 79. Kb3 Bh6 80. h5 Bf4 81. Nb2 Bg5 82. Nd1 Kd4 83. Nc3 Bh6 84. Nd1 Bg5 85. Nb2 Bf4 86. Nc4 Kc5 87. Kc3 Bh6 88. Nd2 Bg7+ 89. Kb3 Kd5 90. Nc4 Kc5 91. Ne3 Ba1 92. h6 1-0

[Event "VIE-ch (Women)"]
[Site "Ho Chi Minh City"]
[Date "2018.05.03"]
[Round "9"]
[White "Doan, Thi Van Anh"]
[Black "Nguyen, Tran Ngoc Thuy"]
[Result "1-0"]
[WhiteElo "1968"]
[BlackElo "1898"]
[PlyCount "56"]
[EventDate "2018.04.27"]
[EventType "swiss"]
[EventRounds "9"]
[EventCountry "VIE"]
[SourceTitle "CBM 184 Extra"]
[Source "ChessBase"]
[SourceDate "2018.06.28"]
[SourceVersion "1"]
[SourceVersionDate "2018.06.28"]
[SourceQuality "1"]

1. d4 d5 2. Nf3 Nf6 3. c4 e6 4. Bg5 Be7 5. Nc3 0-0 6. e3 Nbd7 7. Qc2 h6 8. Bh4 b6 9. cxd5 exd5 10. Bd3 Bb7 11. 0-0 Re8 12. Rac1 c5 13. Rfd1 Nf8 14. Bb5 N6d7 15. dxc5 Rc8 16. Bxe7 Rxe7 17. c6 Bxc6 18. Nxd5 Re6 19. Nd4 Bb7 20. Nxe6 fxe6 21. Qxc8 Bxc8 22. Rxc8 Qg5 23. Bxd7 exd5 24. Be6+ Kh7 25. Rxf8 Qe7 26. Bg8+ Kg6 27. Rf4 Qe5 28. Rxd5 Qxd5 1-0

[Event "VIE-ch (Women)"]
[Site "Ho Chi Minh City"]
[Date "2018.04.29"]
[Round "5"]
[White "Bach, Ngoc Thuy Duong"]
[Black "Nguyen, Tran Ngoc Thuy"]
[Result "1-0"]
[WhiteElo "2128"]
[BlackElo "1898"]
[PlyCount "63"]
[EventDate "2018.04.27"]
[EventType "swiss"]
[EventRounds "9"]
[EventCountry "VIE"]
[SourceTitle "CBM 184 Extra"]
[Source "ChessBase"]
[SourceDate "2018.06.28"]
[SourceVersion "1"]
[SourceVersionDate "2018.06.28"]
[SourceQuality "1"]

1. d4 Nf6 2. c4 e5 3. dxe5 Ng4 4. Nf3 Nc6 5. Nc3 Bc5 6. e3 Ngxe5 7. Nxe5 Nxe5 8. Be2 d6 9. 0-0 h5 10. Na4 Qf6 11. Nxc5 dxc5 12. f4 Ng6 13. Qd5 Qe7 14. e4 c6 15. Qd3 Bg4 16. Bd2 Rd8 17. Qe3 Rd4 18. e5 Qd7 19. Bxg4 hxg4 20. Bc3 Rd3 21. Qe4 Nh4 22. f5 Rd2 23. Bxd2 Qxd2 24. Rf2 Qg5 25. Qf4 Qh5 26. e6 0-0 27. e7 Re8 28. f6 gxf6 29. Qxf6 Kh7 30. Re1 Kg8 31. Ref1 b5 32. Rd2 1-0

[Event "Hanoi HD Bank op-B 8th"]
[Site "Hanoi"]
[Date "2018.03.12"]
[Round "5"]
[White "Villanueva, Nelson"]
[Black "Nguyen, Tran Ngoc Thuy"]
[Result "1-0"]
[WhiteElo "2094"]
[BlackElo "1919"]
[PlyCount "85"]
[EventDate "2018.03.10"]
[EventType "swiss"]
[EventRounds "9"]
[EventCountry "VIE"]
[SourceTitle "CBM 183 Extra"]
[Source "ChessBase"]
[SourceDate "2018.04.19"]
[SourceVersion "1"]
[SourceVersionDate "2018.04.19"]
[SourceQuality "1"]

1. Nf3 Nf6 2. d4 d5 3. g3 e6 4. c4 dxc4 5. Bg2 Bb4+ 6. Bd2 Be7 7. 0-0 0-0 8. Qc2 Nbd7 9. Qxc4 Nb6 10. Qc2 Bd7 11. Ne5 Rb8 12. Rc1 Ne8 13. a4 f6 14. Nxd7 Qxd7 15. a5 Nc8 16. e3 Ncd6 17. a6 bxa6 18. Bc6 Qc8 19. Na3 f5 20. b3 Nf6 21. Nc4 Nde4 22. Be1 Nd5 23. Ne5 Nef6 24. Qc4 Bb4 25. Rxa6 Bxe1 26. Rxe1 Rb4 27. Qf1 Rxb3 28. Rxa7 Qb8 29. Rea1 g5 30. Bxd5 exd5 31. Nc6 Qe8 32. Rxc7 f4 33. exf4 gxf4 34. Qh3 Qe4 35. Ne7+ Kh8 36. Qh6 Rb1+ 37. Rxb1 Qxb1+ 38. Kg2 Qe4+ 39. f3 Qe2+ 40. Kh3 Qe6+ 41. g4 Qf7 42. Ng6+ Qxg6 43. Qxf8+ 1-0

[Event "VIE-chT (Women)"]
[Site "Ho Chi Minh City"]
[Date "2017.07.28"]
[Round "8.11"]
[White "Nguyen, Tran Ngoc Thuy"]
[Black "Nguyen, Thi Thu Quyen"]
[Result "0-1"]
[WhiteElo "1964"]
[BlackElo "2017"]
[PlyCount "102"]
[EventDate "2017.07.24"]
[EventType "team-swiss"]
[EventRounds "9"]
[EventCountry "VIE"]
[SourceTitle "EXT 2019"]
[Source "ChessBase"]
[SourceDate "2018.10.10"]
[SourceVersion "1"]
[SourceVersionDate "2018.10.10"]
[SourceQuality "1"]

1. e4 c6 2. d4 d5 3. exd5 cxd5 4. c4 e6 5. Nc3 Nf6 6. Bg5 dxc4 7. Bxc4 Be7 8. Nge2 a6 9. a4 0-0 10. 0-0 Nbd7 11. Rc1 Nb6 12. Bd3 Bd7 13. Qb3 Bc6 14. Rfd1 Nbd5 15. Nxd5 Qxd5 16. Qxd5 Nxd5 17. Bxe7 Nxe7 18. Nc3 Rfd8 19. b4 Nd5 20. b5 Nxc3 21. Rxc3 axb5 22. axb5 Bd5 23. Rdc1 g6 24. f3 Ra4 25. Bc4 Rb4 26. Kf2 Bxc4 27. Rxc4 Rxb5 28. Ke3 Rb2 29. R1c2 Rxc2 30. Rxc2 Rd7 31. f4 h5 32. Kd3 Kg7 33. Rc8 Kf6 34. Rc5 Rd5 35. Rc7 Rb5 36. h3 h4 37. Ke4 Rb3 38. Rd7 b5 39. Rb7 b4 40. Rb5 Rg3 41. Rxb4 Rxg2 42. Rb1 Rg3 43. Rh1 Ra3 44. Rh2 Ke7 45. f5 gxf5+ 46. Kf4 Kf6 47. Re2 Rd3 48. Rb2 Rxh3 49. Rd2 Rb3 50. Rh2 Rd3 51. Re2 Rxd4+ 0-1

[Event "VIE-chT (Women)"]
[Site "Ho Chi Minh City"]
[Date "2017.07.28"]
[Round "7.17"]
[White "Vu, Khanh Linh"]
[Black "Nguyen, Tran Ngoc Thuy"]
[Result "0-1"]
[WhiteElo "1915"]
[BlackElo "1964"]
[PlyCount "96"]
[EventDate "2017.07.24"]
[EventType "team-swiss"]
[EventRounds "9"]
[EventCountry "VIE"]
[SourceTitle "EXT 2019"]
[Source "ChessBase"]
[SourceDate "2018.10.10"]
[SourceVersion "1"]
[SourceVersionDate "2018.10.10"]
[SourceQuality "1"]

1. e4 c6 2. d4 d5 3. exd5 cxd5 4. c4 Nf6 5. Nc3 e6 6. Nf3 Be7 7. Bd3 0-0 8. 0-0 b6 9. b3 Bb7 10. Bc2 Na6 11. a3 dxc4 12. bxc4 Bxf3 13. gxf3 Rc8 14. Qd3 g6 15. Bh6 Re8 16. Ba4 Nc5 17. Qe2 Nxa4 18. Nxa4 Qxd4 19. Rfc1 Qh4 20. Qd2 Qh3 21. Qf4 e5 22. Qe3 Bd6 23. Bg5 Nh5 24. Nc3 e4 25. fxe4 Bxh2+ 26. Kh1 Bg3+ 27. Kg1 Qh2+ 28. Kf1 Bf4 29. Bxf4 Nxf4 30. Qf3 Rxc4 31. Nd5 Rxc1+ 32. Rxc1 Nxd5 33. exd5 Qe5 34. Qd3 Qh5 35. Qg3 Qh1+ 36. Qg1 Qxd5 37. Qh2 Qd3+ 38. Kg2 Qxa3 39. Qf4 Qe7 40. Rc4 Qe5 41. Qf3 a5 42. Qc6 Qe6 43. Qb5 Rd8 44. Kh2 Qd6+ 45. Kg1 Qd1+ 46. Kh2 Qh5+ 47. Qxh5 gxh5 48. Ra4 Kg7 0-1

[Event "Ho Chi Minh City HD Bank op-B 6th"]
[Site "Ho Chi Minh City"]
[Date "2016.03.12"]
[Round "8"]
[White "Nguyen, Tran Ngoc Thuy"]
[Black "Huynh, Hai Him"]
[Result "1-0"]
[WhiteElo "1966"]
[BlackElo "1783"]
[PlyCount "61"]
[EventDate "2016.03.08"]
[EventType "swiss"]
[EventRounds "9"]
[EventCountry "VIE"]
[SourceTitle "CBM 171 Extra"]
[Source "ChessBase"]
[SourceDate "2016.04.26"]
[SourceVersion "1"]
[SourceVersionDate "2016.04.26"]
[SourceQuality "1"]

1. e4 c5 2. Nf3 d6 3. d4 cxd4 4. Nxd4 Nf6 5. Nc3 a6 6. a4 e6 7. Be3 b6 8. Be2 Bb7 9. Bf3 Qc7 10. Nb3 Nbd7 11. a5 b5 12. 0-0 Be7 13. g4 Ne5 14. g5 Nfd7 15. Bg2 Nc5 16. Nxc5 dxc5 17. b3 Nd7 18. f4 0-0-0 19. Qe2 h6 20. Nxb5 axb5 21. a6 Ba8 22. e5 Nb6 23. Bxa8 Nxa8 24. Qf3 Qa7 25. Qc6+ Nc7 26. Rfd1 hxg5 27. Rd6 Qa8 28. Qxc5 Rh4 29. Rad1 Qf3 30. Qxc7+ Kxc7 31. Bb6+ 1-0

[Event "Ho Chi Minh City HD Bank op-B 6th"]
[Site "Ho Chi Minh City"]
[Date "2016.03.10"]
[Round "5"]
[White "Nguyen, Thi Minh Oanh"]
[Black "Nguyen, Tran Ngoc Thuy"]
[Result "0-1"]
[WhiteElo "1798"]
[BlackElo "1966"]
[PlyCount "98"]
[EventDate "2016.03.08"]
[EventType "swiss"]
[EventRounds "9"]
[EventCountry "VIE"]
[SourceTitle "CBM 171 Extra"]
[Source "ChessBase"]
[SourceDate "2016.04.26"]
[SourceVersion "1"]
[SourceVersionDate "2016.04.26"]
[SourceQuality "1"]

1. d4 Nf6 2. Bg5 d5 3. Bxf6 exf6 4. Nf3 c5 5. c3 Nc6 6. e3 c4 7. Nbd2 Bf5 8. Be2 Be7 9. 0-0 b5 10. a3 a5 11. Nh4 Be6 12. Qc2 Qd7 13. f4 f5 14. Nhf3 h6 15. Rae1 b4 16. b3 cxb3 17. Nxb3 a4 18. Nbd2 b3 19. Qb2 g5 20. Bb5 f6 21. Nb1 Qb7 22. Bd3 Na5 23. Nfd2 g4 24. e4 fxe4 25. Nxe4 dxe4 26. Bxe4 Bd5 27. Bg6+ Kf8 28. Rf2 Rg8 29. f5 Bf7 30. Qd2 Rh8 31. Qf4 h5 32. Rfe2 Nc6 33. Qe4 Qd7 34. Kh1 Re8 35. Qf4 Bxg6 36. fxg6 Kg7 37. Re6 Bd8 38. Qf5 Rxe6 39. Rxe6 Ne5 40. Rxe5 Qxf5 41. Rxf5 Re8 42. Rf1 Kxg6 43. Kg1 Re2 44. Rd1 Be7 45. Kf1 Rb2 46. d5 Bc5 47. Nd2 Rc2 48. Ne4 b2 49. Nd2 Rxd2 0-1

[Event "Ho Chi Minh City HD Bank op-B 6th"]
[Site "Ho Chi Minh City"]
[Date "2016.03.09"]
[Round "3"]
[White "Nguyen, Quoc Hy"]
[Black "Nguyen, Tran Ngoc Thuy"]
[Result "1/2-1/2"]
[WhiteElo "1797"]
[BlackElo "1966"]
[PlyCount "142"]
[EventDate "2016.03.08"]
[EventType "swiss"]
[EventRounds "9"]
[EventCountry "VIE"]
[SourceTitle "CBM 171 Extra"]
[Source "ChessBase"]
[SourceDate "2016.04.26"]
[SourceVersion "1"]
[SourceVersionDate "2016.04.26"]
[SourceQuality "1"]

1. d4 Nf6 2. c4 e5 3. dxe5 Ng4 4. Nf3 Nc6 5. Bf4 Bb4+ 6. Nbd2 Qe7 7. e3 Ngxe5 8. Nxe5 Nxe5 9. Be2 0-0 10. 0-0 b6 11. Nf3 Ng6 12. Bg3 a5 13. Bxc7 Qf6 14. Qd4 Qxd4 15. Nxd4 Bc5 16. Bf3 Ra6 17. Nb5 a4 18. b3 Ne7 19. Nd6 Nc6 20. Rad1 Ra7 21. Nb5 Ra6 22. h3 h6 23. Bg3 a3 24. Nd6 Ra7 25. Nb5 Ra6 26. Bd6 Bxd6 27. Nxd6 Ra7 28. Nb5 Ra6 29. Nc7 Ra5 30. Nd5 Ne5 31. Nxb6 Nxf3+ 32. gxf3 Bb7 33. e4 f5 34. Rxd7 Bc6 35. Rc7 fxe4 36. Rxc6 Rg5+ 37. Kh2 Rxf3 38. Rc8+ Kf7 39. Nd7 Ke7 40. Nc5 Re5 41. Rg1 g5 42. Rg2 Kd6 43. Nb7+ Kd7 44. Rc5 Re7 45. Ra5 Kc6 46. Nc5 e3 47. fxe3 Rexe3 48. Ra6+ Kxc5 49. Rxh6 Kb4 50. Rc2 Rc3 51. Rb6+ Kc5 52. Rxc3 Rxc3 53. Rb5+ Kd4 54. Rxg5 Ke4 55. Rg3 Rc1 56. Rg2 Kf3 57. Rg3+ Kf4 58. h4 Rc2+ 59. Rg2 Rb2 60. Kh3 Kf3 61. Rg3+ Kf4 62. Rg1 Rxa2 63. Rf1+ Ke4 64. h5 Rb2 65. h6 Rxb3+ 66. Kg4 Rb2 67. Re1+ Kd4 68. Rh1 a2 69. h7 Rb8 70. Kg5 Kxc4 71. Kg6 Kb3 1/2-1/2